Himpunan kisah-kisah teladan 5 : 86 kisah-kisah benar

Bibliographic Details
Format: Book
Published: Kuala Lumpur : Syarikat Nurulhas , 19--?

MARC

LEADER 00000cam a2200000 7i4500
001 0000008936
002 000009737
005 20000330.0
020 |a 9838380881 
090 0 0 |a 297.7   |b HIM 
245 0 0 |a Himpunan kisah-kisah teladan 5 :   |b 86 kisah-kisah benar 
260 |a Kuala Lumpur :   |b Syarikat Nurulhas ,   |c 19--? 
300 |a 328p. ;   |c 23cm. 
999 |a 044201   |b BUKU   |c PINJAMAN   |e PERPUSTAKAAN KOMUNITI PETALING JAYA 
999 |a 046335   |b BUKU   |c PINJAMAN   |e PERPUSTAKAAN KOMUNITI CAW KOTA DAMANSARA 
999 |a 046336   |b BUKU   |c PINJAMAN   |e PERPUSTAKAAN KOMUNITI CAW KOTA DAMANSARA